Quizzes
Events
Quiz Creation
Community
Videos
Private Events
Remove Ads
Sign In
Join for FREE
Feedback
Dark Mode
Quiz Categories
Sports
Geography
Music
Movies
Television
Just For Fun
Miscellaneous
History
Literature
Language
Science
Gaming
Entertainment
Religion
Holiday
For Kids
Quiz Lab
Recent
Popular Today
Quiz Kudos Today
Editor Picks
Curator Picks
Quizzes by...
Day
Popularity
Type
Ratings
Length
Year
Community
Subscriptions
Recent Discussions
Orange Saloon
Badges
Playlists
Quests
Create
Leaderboards
Showdown
Live 5
Trivia Bingo
Activity
Puzzle Library
Sporcle Events
Private Events
Virtual Trivia
Globe League
Become a Host
Pub Owners
SporcleCon
Opinionation
Our Games
Videos
Blog
Mobile Apps
Partnerships
Remove Ads and Go Orange
Feedback
Music
Pop Music
The Beatles
Song
Album
Lyrics
Bands
Singers
Artist
Clip
Rock
Rap
Classical
Billboard
Country Music
Kpop
Taylor Swift
Music
Pop Music
The Beatles
Song
Album
Lyrics
Bands
Singers
Artist
Clip
Rock
Rap
Classical
Billboard
Country Music
Kpop
Taylor Swift
Random Quiz
Search Sporcle
×
Quiz Lab
Quiz Lab
Music
paul
Type in answers that appear in a list
Type in answers that appear in a list
Classic
Best Score? Go Orange.
Paul Johnson Get Down Lyrics Stats
Can you name the Paul Johnson Get Down Lyrics?
By
allaboutthef1
5m
205 Questions
4 Plays
4 Plays
4 Plays
Comments
Comments
Give Quiz Kudos
Give Quiz Kudos
-
- Ratings
hide this ad
More Info
Replay
Link that replays current quiz
Next Quiz
Link to next quiz in quiz playlist
You Got
0%
They Got
Avg Score
99%
Avg Friend Score
Upgrade to see
Score Distribution
Jump to the score distribution portion of the page
Score
0/205
Timer
05:00
0
Plays Today
1999
% Correct
Down
100%
down
100%
down
100%
down
100%
down
100%
down
100%
down
100%
down
100%
down
100%
down
100%
down
100%
down
100%
down
100%
down
100%
down
100%
down
100%
down
100%
down
100%
down
100%
down
100%
down
100%
down
100%
down
100%
down
100%
down
100%
down
100%
down
100%
down
100%
down
100%
down
100%
down
100%
down
100%
down
100%
down
100%
down
100%
down
100%
down
100%
down
100%
down
100%
down
100%
down
100%
down
100%
down
100%
down
100%
down
100%
down
100%
down
100%
down
100%
down
100%
down
100%
down
100%
down
100%
down
100%
down
100%
down.
100%
Down
100%
down
100%
down
100%
down
100%
down
100%
down
100%
down
100%
down
100%
down
100%
down
100%
down
100%
down
100%
down
100%
down
100%
1999
% Correct
down
100%
down
100%
down
100%
down
100%
down
100%
down
100%
down
100%
down
100%
down
100%
down
100%
down
100%
down
100%
down
100%
down
100%
down
100%
down
100%
down
100%
down
100%
down
100%
down
100%
down
100%
down
100%
down
100%
down
100%
down
100%
down
100%
down
100%
down
100%
down
100%
down
100%
down
100%
down
100%
down
100%
down
100%
down
100%
down
100%
down
100%
down
100%
down.
100%
down
100%
Down
100%
down
100%
down
100%
down
100%
down
100%
down
100%
down
100%
down
100%
down
100%
down
100%
down
100%
down
100%
down
100%
down
100%
down
100%
down
100%
down
100%
down
100%
down
100%
down
100%
down
100%
down
100%
down
100%
down
100%
down
100%
down
100%
down
100%
down
100%
down
100%
1999
% Correct
down
100%
down
100%
down
100%
down
100%
down
100%
down
100%
down
100%
down
100%
down
100%
down
100%
down
100%
down
100%
down
100%
down.
100%
Down
100%
down
100%
down
100%
down
100%
down
100%
down
100%
down
100%
down
100%
down
100%
down
100%
down
100%
down
100%
down
100%
down
100%
down
100%
down
100%
down
100%
down
100%
down
100%
down
100%
down
100%
down
100%
down
100%
down
100%
down
100%
down
100%
down
100%
down
100%
down
100%
down
100%
down
100%
down
100%
down
100%
down
100%
down
100%
down
100%
down
100%
down
100%
down
100%
down
100%
down
100%
down
100%
down
100%
down
100%
down
100%
down
100%
down
100%
down
100%
down
100%
down
100%
down.
100%
Woo!
50%
Woo!
50%
Quiz Playlist
Details
Report
Send in Message
Add To Playlist
More Info:
Name the lyrics to Get Get Down, a dance anthem from the summer of 1999 by Paul Johnson.
Classic:
Type in answers that appear in a list
Quiz Source
Last Updated: Feb 16, 2017
Quiz Scoreboard
CHALLENGE
Sign Up to Join the Scoreboard
Show All
Scores
Hide
Comments
May contain spoilers
Recently Published
College Basketball Coaching Resumes
by pancakes188
Sports
9m
Billboard Blitz: Fleetwood Mac
by CooCooCachoo
Music
15s
Presidents Visiting Landmarks
by Hejman
History
7m
More to Explore
Quiz From the Vault
Featured Blog Post
Where Did the Easter Bunny Come From?
hide this ad
You Might Also Like...
Tags
1999
Down
johnson
paul
Today's Top Quizzes in Music
Browse Music
hide this ad
Today's Top Quizzes in paul
Browse paul
Top Contributed Quizzes in Music
1
Taylor Swift All Songs (2024)
2
Guess the Artist- 70s Songs
3
7-to-1: Billboard Hot 100 #1 Hits of 2010s
4
Sorting Albums and Songs
5
Taylor Swift Logic Puzzle
6
KPOP LOGIC QUIZ
7
Guess the Taylor Swift song (Mystery Song)
8
One Thing in Common: Music
9
2010s Album by Cover III
10
Guess The Taylor Swift Lyrics Song #1
Explore More
Trending Topics
Crossword
Marvel
Anime
Disney
Harry Potter
Kpop
NBA
Country
Song
WWE
The Office
NFL
Pokémon
Soccer
Puzzle
hide this ad
More By:
allaboutthef1
Quiz
Plays
Rating
Category
Featured
Created
F1 drivers 2000-2009
532
2.17
Sports
Sep 29, 2009
British F1 Grand Prix winners
467
1.83
Geography
Sep 29, 2009
Silverstone corner names
363
2.00
Sports
Sep 29, 2009
Paul Johnson Get Down Lyrics
4
Music
Oct 8, 2012
Go to Creator's Profile
Score Distribution
Quiz Creator Spotlight
allaboutthef1
Follow
Send a Message
Quizzes Created
-
Created Quiz Play Count
-
More By This Creator
Popular Quizzes Today
1
Find the US States - No Outlines Minefield
2
Find the Countries of Europe - No Outlines Minefield
3
The Countries of the World
4
Find the US States
5
Risky Map Clicking: Biggest States A-Z
6
US States
7
Popular People in 1961
8
Movies - When Are They Set?
More Music Quizzes
'Eleanor Rigby' Lyrics
Published
Trending Quizzes
Risky Map Clicking: Least Populous States A-Z
1-10 Letter G Words
1-10 Letter F Words
Risky Map Clicking: Next State Alphabetically
Risky Map Clicking: Biggest States A-Z
Recently Updated
Leaping Animals
pecheneg
Reality TV Shows (A-Z)
bhenderson79
Rickey Henderson's Hall of Fame Teammates
pecheneg
Champions League XIs: Arsenal
pecheneg
Quick Pick: Celebrities in WWE's Hall of Fame
aduchscher
A-Z Keypad Blitz II
pecheneg
Multiple Oscar Actors
pecheneg
Mystery Phrase Blitz: Oscar 'Best Actors'
pecheneg
F. Scott Fitzgerald Novels
LTH
Pick 3 Villains
ddd62291
Trending Topics
Anime
Marvel
Disney
NBA
Kpop
Harry Potter
Crossword
Country
Soccer
Song
WWE
The Office
Puzzle
Pokémon
NFL
Your Account Isn't Verified!
In order to create a playlist on Sporcle, you need to verify the email address you used during registration. Go to your
Sporcle Settings
to finish the process.
Report this User
Report this user for behavior that violates our
Community Guidelines
.
Details:
Send Report
Go to the Sporcle.com Mobile Site →
Comments